| 000 | 00589cam a2200193 a 4500 | ||
|---|---|---|---|
| 001 | 000018524 | ||
| 005 | 20200929165822.0 | ||
| 008 | 741025s1962 nyu 000 f eng d | ||
| 040 |
_aDO-SdBNP _beng _cLC _dBNPHU |
||
| 082 |
_a813.5 _bB279t |
||
| 100 | 1 |
_aBarry, Jane, _d1925- _940059 |
|
| 245 | 1 | 2 |
_aA time in the sun / _cJane Barry. |
| 260 |
_aGarden City, New York : _bDoubleday & Company, _c1962. |
||
| 300 |
_a384 p. ; _c22 cm. |
||
| 650 | 4 |
_aNovela estadounidense _9262 |
|
| 650 | 4 |
_aLiteratura estadounidense _ySIGLO XX _96874 |
|
| 910 | _aCatalogación derivada / LC | ||
| 049 | _aBNGR | ||
| 999 |
_c18044 _d18044 |
||